The SAGE handbook of social network analysis
Furkejuvvon:
| Váldodahkkit: | , |
|---|---|
| Materiálatiipa: | Girji |
| Giella: | eaŋgalasgiella |
| Almmustuhtton: |
Londres
SAGE Publications Ltd
2011
|
| Preanttus: | 1a. ed |
| Fáttát: | |
| Fáddágilkorat: |
Lasit fáddágilkoriid
Eai fáddágilkorat, Lasit vuosttaš fáddágilkora!
|
MARC
| LEADER | 00000cam a2200000 a 4500 | ||
|---|---|---|---|
| 001 | UCC6564 | ||
| 003 | CL-VaPUC | ||
| 008 | 181220e20110000uk |||||||||||||||||eng|d | ||
| 020 | |a 9781847873958 | ||
| 082 | 0 | 4 | |a 305.0151 |b SCO |2 21 |
| 100 | 0 | |a Scott, John |e author |9 601050 | |
| 700 | 0 | |a Carrington, Peter J |e author |9 601051 | |
| 245 | 1 | 4 | |a The SAGE handbook of social network analysis |
| 250 | |a 1a. ed | ||
| 300 | |a 622 p | ||
| 942 | |c BK | ||
| 945 | |d 20181220 17:39:00 |a dcastane | ||
| 260 | |a Londres |b SAGE Publications Ltd |c 2011 | ||
| 650 | 0 | |a Redes sociales |9 327959 | |
| 650 | 0 | |a Análisis de la información |9 306986 | |
| 650 | 0 | |a Análisis de redes |9 260875 | |
| 583 | |a last modification |c 20190412 11:58:47 |k Rodrigo Vera | ||
| 999 | |c 373503 |d 373501 | ||
| 952 | |0 0 |1 0 |3 erd |4 0 |6 305_015100000000000_SCO_2011 |7 0 |8 A |9 491625 |a BIBING |b BIBING |i 5523966 |o 305.0151 SCO 2011 |p 5523966 |r 2025-01-20 |w 2019-11-24 |y BK |z Catalogado en:20181220 |k EII | ||